| 000 | 00953nam a22002055i 4500 | ||
|---|---|---|---|
| 001 | 162076 | ||
| 003 | ES-MaACL | ||
| 005 | 20250824090221.0 | ||
| 008 | 020128s1866 sp |||| | spa d | ||
| 040 |
_aCAM _bspa _cCAM |
||
| 100 | 1 |
_aPicón, José. _991876 |
|
| 245 | 1 | 0 |
_aGibraltar en 1890 _b: sueño lírico en un acto y en verso / _coriginal de José Picon ; música del maestro Francisco Asenjo Barbieri. |
| 260 |
_aMadrid : _b[s.n.], _c1866 ( _fImprenta del Centro General de Administracion) |
||
| 300 |
_a45 p. ; _c18 cm. |
||
| 500 | _aEn port.: Representado por primera vez en el teatro de la Zarzuela el 22 de enero de 1866. | ||
| 500 | _aSolo la letra. | ||
| 700 | 1 |
_aBarbieri, Francisco A., _d1823-1894 _925463 |
|
| 852 |
_aES-MaACL _jF-8633(2) _z-- Enc. pasta española _q-- Falto de la cub. original _z-- Enc. en un vol. facticio formando parte de la col. facticia "Teatro español moderno", vol. 88 |
||
| 999 |
_c162076 _d162076 |
||